000
00323nam a22001457a 4500
005
20161022150657.0
008
161022b xxu||||| |||| 00| 0 eng d
041
_a
eng
100
_a
VERMA,B.S
_9
3620
245
_a
MINING GROUND
260
_b
TUHINS.CO
300
_a
882
650
_a
MINING ENGINEERING
_9
3621
942
_c
BK
999
_c
5279
_d
5277